Corynespora ila rogavum nivarana maargangalum (Record no. 50233)

MARC details
000 -LEADER
fixed length control field 00355nam a2200145Ia 4500
100 ## - MAIN ENTRY--AUTHOR NAME
Personal name Philip S
245 #0 - TITLE STATEMENT
Title Corynespora ila rogavum nivarana maargangalum
260 ## - PUBLICATION, DISTRIBUTION, ETC. (IMPRINT)
Name of publisher Rubber
Year of publication 2018
300 ## - PHYSICAL DESCRIPTION
Number of Pages 10-Jun
650 ## - SUBJECT ADDED ENTRY--TOPICAL TERM
Topical Term Corynespora
650 ## - SUBJECT ADDED ENTRY--TOPICAL TERM
Topical Term Disease control
650 ## - SUBJECT ADDED ENTRY--TOPICAL TERM
Topical Term Leaf disease
942 ## - ADDED ENTRY ELEMENTS (KOHA)
Koha item type Bibliography STAF
Holdings
Withdrawn status Lost status Damaged status Not for loan Home library Current library Shelving location Date acquired Serial Enumeration / chronology Koha item type
      Bibliography RRII Library RRII Library Pathology 01/01/2021 Volume 622, Issue Jan Bibliography STAF